LEADER 01578nam a2200289 4500 001 000000340986 003 CaOOAMICUS 005 20200708135344.0 008 200708s1645 it 000 u ita r 026 $an-zo uses limo peac (3) 1645 (A) 040 $aSeMil$bita 100 11$aBorromeo, Carlo,$c.$0(OLS)http://semarc/name/3012 245 00$aLibretto de i ricordi al popolo della citta et diocese di Milano dati dall'ill. card. di S. Prassede, arcivescovo per il vivere christiano. ... 264 1$aIn Milano :$bPer Gio. Battista, & Giulio Cesare fratelli Malatesta Stampatori Reg. Cam.,$c1645. 300 $a33, [3] c. ;$c12° 500 $aBianche c. C10-12 500 $aSegn.: A-C¹² (-C¹²) 500 $aEmblema xilogr. dell'arcivescovado di Milano (trittico con S. Ambrogio tra i santo Gervaso e Protaso. Tales ambio defensor) sul front. 700 1 $aMalatesta, Giulio Cesare,$c.$0(OLS)http://semarc/name/81653 700 1 $aMalatesta, Giovanni Battista,$c.$0(OLS)http://semarc/name/38294 752 $aIT$dMilano 850 $aSeMil 852 $aSeMil$W1$xVenegono$y1$m3Z I 15/1 FA$j219750$B231990$CSeMilBibl$Z2$F231990 $8I 941 1 $a10 996 $6245$aLibretto de i ricordi al popolo della citta et diocese di Milano dati dall'ill. card. di S. Prassede, arcivescovo per il vivere christiano. ...$9(OLS)http://semarc/title/430041 996 $6264$aIn Milano :$bPer Gio. Battista, & Giulio Cesare fratelli Malatesta Stampatori Reg. Cam.$9(OLS)http://semarc/publisher/59106 LEADER 00982nam a2200217 i 4500 001 000000051653 003 CaOOAMICUS 005 20051026000000.0 008 051026s1969 gw u000 u ger u 013 $a22825 040 $aSeMil$bita 100 1 $aHeiler, Friedrich <1892-1967>.$0(OLS)http://semarc/name/10230 245 14$aDas Gebet :$beine religionsgeschichtliche und religionspsychologische Untersuchung /$cFriedrich Heiler. 250 $aUnveränderter Nachdruck nach der 5. Aufl. mit Literaturergänzungen. 260 $aMünchen ; Basel :$bReinhardt,$c1969. 300 $aXIX, 632 p. ;$c24 cm. 650 4$aPreghiera.$0(OLS)http://semarc/subject/1091 850 $aSeMil 852 $aSeMil$W1$xVenegono$y1$m2R IV 275$j17808$B17808$CSeMilBibl$Z2$F17809 $81 996 $6245$aDas Gebet :$beine religionsgeschichtliche und religionspsychologische Untersuchung$9(OLS)http://semarc/title/79178 996 $6260$aMünchen ; Basel :$bReinhardt$9(OLS)http://semarc/publisher/41365